Największe transfery sezonu 2021/22. - Statystyki

Ogólne statystyki
  • Ten quiz został rozwiązany 120 razy
  • Średni wynik to 8 z 10
Statystyki odpowiedzi
# Piłkarz Narodowość Klub oddający Kwota transferu Klub pozyskujący % Poprawnych
2 Romelu Lukaku
113,00 mln €
98%
5 Achraf Hakimi
66,50 mln €
97%
1 Jack Grealish
117,50 mln €
94%
3 Jadon Sancho
85,00 mln €
91%
4 Dušan Vlahović
81,60 mln €
90%
8 Luis Díaz
47,00 mln €
80%
7 Ferran Torres
55,00 mln €
76%
9 Dayot Upamecano
42,50 mln €
69%
6 Ben White
58,50 mln €
53%
10 Bruno Guimarães
42,10 mln €
47%
Nie znaleziono quizów pasujących do podanych kryteriów
Rozkład punktacji
Procent ludzi z każdym wynikiem
Percentyl według liczby udzielonych odpowiedzi
Twoja historia wyników
Nie rozwiązałeś tego quizu